000 00491nam a2200169Ia 4500
008 230917s9999||||xx |||||||||||||| ||und||
020 _cRS995
040 _e249975
_aMAIN
041 _aEnglish
082 _a006.31 S16U
100 _aShalev-Shwartz, Shai
245 0 _aUnderstanding machine learning: From theory to algorithms
260 _aDelhi
_bCambridge University Press
_c2017
300 _axvi, 397 p.
500 _a3327 27/11/2018 HBD18/7568 10/12/2018 Main Budget
942 _cBK
999 _c29002
_d29002